| 000 | 00663nam a2200241Ia 4500 | ||
|---|---|---|---|
| 003 | OSt | ||
| 005 | 20221005085323.0 | ||
| 006 | a|||||r|||| 00| 0 | ||
| 007 | ta | ||
| 008 | 221004b |||||||| |||| 00| 0 eng d | ||
| 024 | _a4824 | ||
| 037 |
_bGift, 28/06/2013, _cTextual |
||
| 040 |
_aCRL _cCRL _beng |
||
| 041 |
_2eng _aeng |
||
| 082 | _aO111,3NHA, L5 | ||
| 100 |
_aHailey Arthur _912023 |
||
| 245 | 0 | _aMoneychangers | |
| 260 |
_aNew York _bDoubleday & Company U.S.A _c1975 |
||
| 300 |
_a500p. _ccm. |
||
| 650 | _aENGLISH LITERATURE | ||
| 942 |
_hO111,3NHA, L5 _cTEXL _2cc |
||
| 999 |
_c994027 _d994027 |
||